Statistiques concernant Le tramway francilien : Toutes les Gares

Cliquez ici pour prendre le quiz!

Statistiques générales

  • Ce quiz a été pris 159 fois
    (127 depuis la dernière actualisation)
  • Le résultat moyen est 99 sur 223

Statistiques - réponses

StationsLignes% Correct
Porte de Vincennes3a 3b
77%
Porte de Choisy3a 9
75%
Porte de Versailles2 3a
75%
Gare de Saint-Denis / Saint-Denis - Gare1 8
73%
Porte d'Aubervilliers3b
73%
Porte d'Ivry3a
73%
Pont du Garigliano3a
70%
Porte d'Italie3a
70%
Balard3a
68%
Marché de Saint-Denis1 5
68%
Porte de Saint-Ouen3b
68%
Porte Dorée3a
68%
Porte d'Orléans3a
68%
Porte d'Asnières - Marguerite Long3b
66%
Porte de Clignancourt3b
66%
Porte de Pantin3b
66%
Porte des Lilas3b
66%
Porte de Charenton3a
64%
Porte de la Chapelle3b
64%
Porte de la Villette3b
64%
Porte de Montreuil3b
64%
Porte de Vanves3a
64%
Puteaux2
64%
Rosa-Parks3b
64%
Aulnay-sous-Bois4
61%
Bondy4
61%
Didot3a
61%
Epinay-sur-Seine / Epinay-sur-Seine - Gare8 11express
61%
Pont de Bezons2
61%
Porte de Clichy3b
61%
Alexandra David-Néel3a
59%
Bobigny - Pablo Picasso1
59%
Châtillon - Montrouge6
59%
Cité Universitaire3a
59%
Gare de Noisy-le-Sec1
59%
La Défense2
59%
Porte de Bagnolet3b
59%
Saint-Denis - Porte de Paris8
59%
Suzanne Lenglen2
59%
Vélizy 26
59%
Adrienne Bolland3b
57%
Avenue de France3a
57%
Basilique de Saint-Denis1
57%
Ella Fitzgerald3b
57%
Garges - Sarcelles5
57%
Hôpital de Montfermeil4
57%
Issy-Val de Seine2
57%
Le Bourget11express
57%
Les Courtilles1
57%
Montsouris3a
57%
Porte d'Issy2
57%
Stade Charléty3a
57%
Viroflay-Rive-Gauche6
57%
Asnières - Quatre Routes1
55%
Brancion3a
55%
Epinay - Villetaneuse11express
55%
Georges Brassens3a
55%
L'Île-Saint-Denis1
55%
Montempoivre3a
55%
Poterne des Peupliers3a
55%
Suresnes-Longchamp2
55%
Viroflay-Rive-Droite6
55%
Athis-Mons - Porte de l'Essonne7
52%
Delphine Seyrig3b
52%
Desnouettes3a
52%
Diane Arbus3b
52%
Dugny - La Courneuve11express
52%
Hôpital Robert-Debré3b
52%
La Courneuve - 8 Mai 19451
52%
Musée de Sèvres2
52%
Parc de Saint-Cloud2
52%
Pont de Bondy1
52%
Villejuif - Louis Aragon7
52%
Villetaneuse-Université8 11express
52%
Baron Le Roy3a
50%
Canal Saint-Denis3b
50%
Henri Farman2
50%
Jean Moulin3a
50%
Maryse Bastié3a
50%
Porte de Thiais7
50%
Séverine3b
50%
Epinay-Orgemont8
48%
Gare de Gennevilliers1
48%
Hôpital Avicenne1
48%
La Courneuve - Six Routes1
48%
Les Coteaux2
48%
Marie de Miribel3b
48%
Pierrefitte - Stains11express
48%
Stains-La Cerisaie11express
48%
Aéroport d'Orly7
45%
Butte du Chapeau Rouge3b
45%
Charlebourg2
45%
Colette Besson3b
45%
Cosmonautes1
45%
Drancy-Avenir1
45%
Epinettes - Pouchet3b
45%
Gargan4
45%
Hôtel de Ville de La Courneuve1
45%
Les Milons2
45%
Les Moulineaux2
45%
Mairie de Villeneuve-la-Garenne1
45%
Orly - Gaston Viens9
45%
Arboretum4
43%
Belvédère2
43%
Brimborion2
43%
Division Leclerc6
43%
Faubourg de l'Arche2
43%
Hôtel de Ville de Bobigny1
43%
Jacqueline Auriol2
43%
Jacques-Henri Lartigue2
43%
La Noue1
43%
Le Luth1
43%
Parc Pierre Lagravère2
43%
Théâtre Gérard Philipe1
43%
Timbaud1
43%
Allée de la Tour - Rendez-Vous4
41%
Clichy - Montfermeil4
41%
Escadrille Normandie-Niémen1
41%
Hôpital Béclère6
41%
Jean Vilar8
41%
La Fraternelle7
41%
L'Onde6
41%
Mairie de Vélizy6
41%
Meudon-sur-Seine2
41%
Pavé Blanc6
41%
Petit Noisy1
41%
Stade Géo André1
41%
Victor Basch2
41%
Angélique Compoint3b
39%
Auguste Delaune1
39%
César8
39%
Cimetière de Saint-Denis1
39%
Freinville - Sevran4
39%
Guynemer5
39%
Hôpital Delafontaine1
39%
Jean Rostand1
39%
La Ferme1
39%
Les Coquetiers4
39%
Les Saules9
39%
Mairie de Pierrefitte5
39%
Suzanne Valadon5
39%
Coeur d'Orly7
36%
Danton1
36%
Dewoitine6
36%
Honoré de Balzac3b
36%
Jacques Prévert5
36%
La Remise à Jorelle4
36%
Les Fauvelles2
36%
Le Village1
36%
Libération1
36%
Lochères5
36%
Meudon-la-Forêt6
36%
Musée MAC-VAL9
36%
Pablo Neruda8
36%
Petit Pierrefitte5
36%
Porte de Rungis7
36%
Robert Wagner6
36%
Saarinen7
36%
Alcide d'Orbigny5
34%
Butte Pinson5
34%
Centre de Châtillon6
34%
Chemin des Reniers1
34%
Gaston Roulaud1
34%
Gilbert Bonnemaison8
34%
Joncherolles5
34%
Les Flanades5
34%
Les Pavillons-sous-Bois4
34%
Mail de la Plaine6
34%
Notre-Dame des Anges4
34%
Parc des Chanteraines1
34%
Paul Valéry5
34%
Place de la Logistique7
34%
Soleil Levant6
34%
Vauban6
34%
Auguste Perret7
32%
Baudelaire5
32%
Cimetière Parisien d'Ivry9
32%
Georges Pompidou6
32%
Inovel Parc Nord6
32%
L'Abbaye4
32%
Lacépède8
32%
Les Béatus8
32%
Les Cholettes5
32%
Louvois6
32%
Maurice Lachâtre1
32%
Parc André Malraux6
32%
Rouget de Lisle9
32%
Trois Communes9
32%
Bretagne7
30%
Caroline Aigle7
30%
Clichy-sous-Bois - Mairie4
30%
Delaunay-Belleville8
30%
Four - Peary9
30%
Georges Millandy6
30%
La Belle Epine7
30%
Les Mobiles8
30%
Pierre de Geyter8
30%
République - Marx Dormoy4
30%
Robert Schuman7
30%
Roger Sémat5
30%
Romain Rolland4
30%
Blumenthal8
27%
Domaine Chérioux7
27%
Léon Blum4
27%
Lycée Henri Sellier4
27%
Mairie de Vitry-sur-Seine9
27%
Moulin Vert7
27%
Paul Eluard8
27%
Rougemont - Chanteloup4
27%
Watteau - Rondenay9
27%
Hélène Boucher7
25%
La Briqueterie9
25%
Lamartine7
25%
Maurice Audin4
25%
Rose Bertin8
25%
Châteaudun - Barbès9
23%
Christophe Colomb9
23%
Germaine Tailleferre9
23%
Verdun - Hoche9
23%
Camille Groult9
20%
Carle - Darthé9
20%
Constant Coquelin9
20%
Beethoven - Concorde9
18%

Distribution des résultats

Percentile par nombre de réponses

% des personnes avec chaque résultat

Votre développement - résultats

Vous n’avez pas pris ce quiz depuis la dernière actualisation